| 000 | 00972nam a22002537a 4500 | ||
|---|---|---|---|
| 003 | OSt | ||
| 005 | 20240530110418.0 | ||
| 008 | 150309s2009 ny ab g s 001 0 eng d | ||
| 020 | _a9781600571053 | ||
| 035 | _a(IMchF)fol11928342 | ||
| 040 |
_aEG-CaGPL _cEG-CaGPL |
||
| 082 | 0 | 4 |
_221 _a030.909 _bG REF/J W |
| 245 | 0 | 4 |
_aThe world almanac and book of facts, 2009 / _c[editor-in-chief, C. Alan Joyce]. |
| 260 |
_aNew York : _bWorld Almanac, _cc2009. |
||
| 300 |
_a1008 p. : _bill. (some col.), maps (some col.) ; _c21 cm. |
||
| 500 | _aIncludes indexes. | ||
| 520 | _aContains thousands of facts and statistics on a variety of subjects, such as science, economics, sports, arts, and media; and includes information on the 2008 Beijing Olympics and presidential election. | ||
| 521 | 2 |
_aYoung Adult _bFollett Library Resources |
|
| 650 | 7 | _aAlmanacs. | |
| 650 | 7 | _aStatistics. | |
| 651 | 4 |
_2United States _vStatistics. |
|
| 700 | 1 | _aJoyce, C. Alan. | |
| 942 |
_2ddc _cREF |
||
| 999 |
_c60602 _d60602 |
||